Desmidiées de Madagascar : (Chlorophyta, Zygophyceae) /

Bibliographic Details
Main Author: Bourrelly, Pierre
Other Authors: Couté, Alain
Format: Book
Language:French
Published: Berlin : J. Cramer, 1991.
Series:Bibliotheca phycologica ; Bd. 86.
Subjects:

MARC

Tag First Indicator Second Indicator Subfields
LEADER 00000cam a2200000 a 4500
001 in00001021021
005 20150928122228.0
008 910521s1991 gw a b 000 0 fre d
019 |a 23990703 
020 |a 3443600131 
035 |a (OCoLC)23812371 
035 |9 AFG2321AM 
040 |a DGW  |c DGW  |d AGL  |d TXA  |d UtOrBLW 
041 0 |a fre  |b eng 
043 |a f-mg--- 
049 |a TXAM 
070 0 |a QK564.B52  |b Bd.86 
072 0 |a F700  |a M001 
090 |a QK564.B52  |b Bd.86 
100 1 |a Bourrelly, Pierre. 
242 0 0 |a Desmidiaceae of Madagascar (Chlorophyta, Zygophyceae). 
245 1 0 |a Desmidiées de Madagascar :  |b (Chlorophyta, Zygophyceae) /  |c par P. Bourrelly & A. Couté. 
264 1 |a Berlin :  |b J. Cramer,  |c 1991. 
300 |a 348 pages :  |b illustrations ;  |c 23 cm. 
336 |a text  |b txt  |2 rdacontent 
337 |a unmediated  |b n  |2 rdamedia 
338 |a volume  |b nc  |2 rdacarrier 
490 1 |a Bibliotheca phycologica ;  |v Bd. 86 
500 |a Text in French; summaries in French and English. 
504 |a Includes bibliographical references (pages 206-221). 
650 0 |a Desmidiaceae  |z Madagascar. 
700 1 |a Couté, Alain. 
830 0 |a Bibliotheca phycologica ;  |v Bd. 86. 
999 |a MARS 
999 f f |s 8637c7a3-765c-3881-abf6-424e35b1a4ad  |i 9488b9fc-e150-3ffe-b558-c0d641ab3717  |t 0 
952 f f |p ric  |a Texas A&M University  |b Rellis Campus  |c Joint Library Facility  |d Remote Storage  |t 0  |e QK564.B52 Bd.86  |h Library of Congress classification  |i unmediated -- volume  |m A14815286985 
998 f f |a QK564.B52 Bd.86  |t 0  |l Remote Storage